Loading...
| Fine Arts - Auditory | 0 | 7 | 0 | 2 | 70 | 88 | 121.00 | 1 | 3 | 0.00 | 0.00 |
| History - European | 1 | 4 | 0 | 1 | 55 | 44 | 98.60 | 2 | 4 | 0.00 | 0.00 |
| Literature - British | 0 | 4 | 0 | 1 | 40 | 97 | 131.25 | 0 | 3 | 0.00 | 0.00 |
| Science - Physics | 0 | 4 | 0 | 2 | 40 | 88 | 109.75 | 1 | 4 | 0.00 | 0.00 |
| Geography | 0 | 4 | 0 | 0 | 40 | 71 | 91.25 | 1 | 4 | 0.00 | 0.00 |
| History - World | 1 | 3 | 2 | 2 | 35 | 63 | 106.75 | 0 | 4 | 0.00 | 0.00 |
| Philosophy | 0 | 3 | 0 | 2 | 30 | 100 | 117.33 | 1 | 3 | 0.00 | 0.00 |
| Other Science: Earth Science | 1 | 1 | 0 | 0 | 25 | 66 | 83.00 | 2 | 2 | 0.00 | 0.00 |
| Beliefs | 0 | 3 | 1 | 0 | 25 | 75 | 109.33 | 0 | 2 | 0.00 | 0.00 |
| History - American | 1 | 2 | 2 | 1 | 25 | 39 | 89.33 | 1 | 2 | 0.00 | 0.00 |
| 1 | 1 | 1 | 1 | 20 | 60 | 108.50 | 1 | 1 | 0.00 | 0.00 | |
| Current Events | 0 | 2 | 0 | 0 | 20 | 98 | 115.50 | 0 | 1 | 0.00 | 0.00 |
| Literature - European | 0 | 2 | 0 | 1 | 20 | 134 | 140.00 | 0 | 0 | 0.00 | 0.00 |
| Other Arts: Visual | 0 | 2 | 0 | 0 | 20 | 107 | 108.00 | 1 | 2 | 0.00 | 0.00 |
| Social Science | 0 | 2 | 0 | 0 | 20 | 105 | 111.00 | 0 | 1 | 0.00 | 0.00 |
| Science - Chemistry | 0 | 2 | 1 | 1 | 15 | 99 | 108.00 | 0 | 1 | 0.00 | 0.00 |
| Other Arts: Auditory | 0 | 1 | 0 | 0 | 10 | 147 | 147.00 | 0 | 1 | 0.00 | 0.00 |
| Other Science: Astronomy | 0 | 1 | 0 | 1 | 10 | 151 | 151.00 | 0 | 0 | 0.00 | 0.00 |
| Fine Arts - Visual | 0 | 2 | 2 | 1 | 10 | 77 | 106.00 | 1 | 2 | 0.00 | 0.00 |
| Chemistry> | 0 | 1 | 0 | 0 | 10 | 101 | 101.00 | 1 | 1 | 0.00 | 0.00 |
| World and Other Literature | 0 | 1 | 0 | 0 | 10 | 111 | 111.00 | 0 | 1 | 0.00 | 0.00 |
| Literature - American | 0 | 1 | 0 | 1 | 10 | 158 | 158.00 | 0 | 1 | 0.00 | 0.00 |
| Ancient History and Archaeology | 0 | 1 | 0 | 1 | 10 | 144 | 144.00 | 0 | 1 | 0.00 | 0.00 |
| British and Commonwealth History | 0 | 1 | 1 | 0 | 5 | 127 | 127.00 | 0 | 1 | 0.00 | 0.00 |
| Other Academic | 0 | 0 | 1 | 0 | -5 | 0.00 | 0 | 0 | 0.00 | 0.00 | |
| Science - Biology | 0 | 0 | 1 | 0 | -5 | 0.00 | 0 | 0 | 0.00 | 0.00 |